<?xml version="1.0" encoding="UTF-8"?>
<record
    xmlns:xsi="http://www.w3.org/2001/XMLSchema-instance"
    xsi:schemaLocation="http://www.loc.gov/MARC21/slim http://www.loc.gov/standards/marcxml/schema/MARC21slim.xsd"
    xmlns="http://www.loc.gov/MARC21/slim">

  <leader>03605njm a2200541Ia 4500</leader>
  <controlfield tag="001">40457</controlfield>
  <controlfield tag="003">IT-RoPAU</controlfield>
  <controlfield tag="005">20220918181130.0</controlfield>
  <controlfield tag="008">131025s9999    xx            000 0 und d</controlfield>
  <datafield tag="040" ind1=" " ind2=" ">
    <subfield code="a">IT-RoPAU</subfield>
  </datafield>
  <datafield tag="040" ind1=" " ind2=" ">
    <subfield code="c">IT-RoPAU</subfield>
  </datafield>
  <datafield tag="999" ind1=" " ind2=" ">
    <subfield code="c">100511</subfield>
    <subfield code="d">100511</subfield>
  </datafield>
  <datafield tag="999" ind1=" " ind2=" ">
    <subfield code="b">n.d.</subfield>
  </datafield>
  <datafield tag="100" ind1=" " ind2=" ">
    <subfield code="a">AA.VV.</subfield>
    <subfield code="9">794</subfield>
  </datafield>
  <datafield tag="100" ind1=" " ind2=" ">
    <subfield code="e">Autore musica</subfield>
    <subfield code="9">21538</subfield>
  </datafield>
  <datafield tag="100" ind1=" " ind2=" ">
    <subfield code="g">Codice autore musica SPICS: 12000</subfield>
    <subfield code="9">796</subfield>
  </datafield>
  <datafield tag="245" ind1=" " ind2=" ">
    <subfield code="a">Jazz. Gli uomini, gli strumenti, gli stili 51</subfield>
  </datafield>
  <datafield tag="250" ind1=" " ind2=" ">
    <subfield code="a">2a ed.</subfield>
  </datafield>
  <datafield tag="260" ind1=" " ind2=" ">
    <subfield code="a">MILANO</subfield>
  </datafield>
  <datafield tag="260" ind1=" " ind2=" ">
    <subfield code="b">FRATELLI FABBRI EDITORI</subfield>
    <subfield code="c">1986 [1a Ed.:1986]</subfield>
  </datafield>
  <datafield tag="300" ind1=" " ind2=" ">
    <subfield code="a">MUSICASSETTA</subfield>
  </datafield>
  <datafield tag="300" ind1=" " ind2=" ">
    <subfield code="c">48 minuti (Testo:  pag.)</subfield>
  </datafield>
  <datafield tag="500" ind1=" " ind2=" ">
    <subfield code="a">Muica jazz</subfield>
  </datafield>
  <datafield tag="505" ind1=" " ind2=" ">
    <subfield code="a">Stan's Mood [(New York, 2.4.1949) (3:00)] - Fast [(New York, 2.4.1949) (3:00)] - Indian Summer [(New York, 21.6.1949) (3:00)] - Long Island Soud [(New York, 21.6.1949) (3:00)] - There's A Small Hotel [(New York, 6.1.1950) (3:00)] - My Old Flame [(New York, 14.4.1950) (3:00)] - Strike Up the Band [(New York, 10.12.1950) (3:00)] - Tootsie Roll [(New York, 10.12.1950) (3:00)] - S'Cool Boy [(Stoccolma, 23.3.1951) (3:00)] - Night and Day [(Stoccolma, 23.3.1951) (3:00)] - Flamingo [(Stoccolma, 24.3.1951) (4:00)] - I'll Remember April (Los Angeles, 8.11.1954) (8:00)]</subfield>
  </datafield>
  <datafield tag="511" ind1=" " ind2=" ">
    <subfield code="a">Swoope Earl: tr; Getz Stan: ten; Cohn Al: ten; Sims Zoot: ten; Jordan Duke: p; Raney Jimmy: chit; Oliver Merter: cb; Perry Charlie: batt; Stan Gets Boppers</subfield>
  </datafield>
  <datafield tag="511" ind1=" " ind2=" ">
    <subfield code="a">Getz Stan: ten; Haig Al: p; Raney Gene: cb; Levey Stan: batt; Stan Gets Quartet</subfield>
  </datafield>
  <datafield tag="511" ind1=" " ind2=" ">
    <subfield code="a">Getz Stan: ten; Haig Al: p; Potter Tommy: cb; Haynes Roy: batt; Stan Gets Quartet</subfield>
  </datafield>
  <datafield tag="511" ind1=" " ind2=" ">
    <subfield code="a">Getz Stan: ten; Aless Tony: p; Heath Percy: cb; Lamond Don: batt; Stan Gets Quartet</subfield>
  </datafield>
  <datafield tag="511" ind1=" " ind2=" ">
    <subfield code="a">Getz Stan: ten; Silver Horace: p; Calloway Joe: cb; Bolden Walter: batt; Stan Gets Quartet</subfield>
  </datafield>
  <datafield tag="511" ind1=" " ind2=" ">
    <subfield code="a">Getz Stan: ten; Hallberg Bengt: p; Johnson Gunnar: cb; Noren Jack: batt; Stan Jazz and His Swedish</subfield>
  </datafield>
  <datafield tag="511" ind1=" " ind2=" ">
    <subfield code="a">Brookmeyer Bob: tbne; Getz Stan: ten; Williams Johnny: p; Anthony Bill: cb; Mardigan Art: batt; Stan Getz Quintet</subfield>
  </datafield>
  <datafield tag="650" ind1=" " ind2=" ">
    <subfield code="a">JAZZ [CASSETTE]</subfield>
    <subfield code="e">Codice MATERIA SPICS: 9951</subfield>
    <subfield code="9">1831</subfield>
  </datafield>
  <datafield tag="700" ind1=" " ind2=" ">
    <subfield code="a">Getz Stan</subfield>
    <subfield code="d">Codice interprete SPICS: 10710</subfield>
    <subfield code="e">Interprete</subfield>
    <subfield code="9">21539</subfield>
  </datafield>
  <datafield tag="700" ind1=" " ind2=" ">
    <subfield code="a">Getz Stan</subfield>
    <subfield code="d">Codice autore musica SPICS: 10710</subfield>
    <subfield code="e">Autore musica</subfield>
    <subfield code="p">Stan's Mood - Fast - Long Island Soud - S'Cool Boy</subfield>
    <subfield code="9">21540</subfield>
  </datafield>
  <datafield tag="700" ind1=" " ind2=" ">
    <subfield code="a">Herbert Victor</subfield>
    <subfield code="d">Codice autore musica SPICS: 13880</subfield>
    <subfield code="e">Autore musica</subfield>
    <subfield code="p">Indian Summer</subfield>
    <subfield code="9">21541</subfield>
  </datafield>
  <datafield tag="700" ind1=" " ind2=" ">
    <subfield code="a">Dubin A.</subfield>
    <subfield code="d">Codice autore SPICS: 15703</subfield>
    <subfield code="e">Autore</subfield>
    <subfield code="p">Indian Summer</subfield>
    <subfield code="9">21542</subfield>
  </datafield>
  <datafield tag="700" ind1=" " ind2=" ">
    <subfield code="a">Rodgers Richard</subfield>
    <subfield code="d">Codice autore musica SPICS: 11120</subfield>
    <subfield code="e">Autore musica</subfield>
    <subfield code="p">There's A Small Hotel</subfield>
    <subfield code="9">21543</subfield>
  </datafield>
  <datafield tag="700" ind1=" " ind2=" ">
    <subfield code="a">Hart Lorenz</subfield>
    <subfield code="d">Codice autore SPICS: 10738</subfield>
    <subfield code="e">Autore</subfield>
    <subfield code="p">There's A Small Hotel</subfield>
    <subfield code="9">21544</subfield>
  </datafield>
  <datafield tag="700" ind1=" " ind2=" ">
    <subfield code="a">Johnson</subfield>
    <subfield code="d">Codice autore musica SPICS: 20146</subfield>
    <subfield code="e">Autore musica</subfield>
    <subfield code="p">My Old Flame - I'll Remember April</subfield>
    <subfield code="9">21545</subfield>
  </datafield>
  <datafield tag="700" ind1=" " ind2=" ">
    <subfield code="a">Coslow Sam</subfield>
    <subfield code="d">Codice autore SPICS: 10785</subfield>
    <subfield code="e">Autore</subfield>
    <subfield code="p">My Old Flame</subfield>
    <subfield code="9">21546</subfield>
  </datafield>
  <datafield tag="700" ind1=" " ind2=" ">
    <subfield code="a">Gershwin George</subfield>
    <subfield code="d">Codice autore musica SPICS: 10668</subfield>
    <subfield code="e">Autore musica</subfield>
    <subfield code="p">Strike Up the Band</subfield>
    <subfield code="9">21547</subfield>
  </datafield>
  <datafield tag="700" ind1=" " ind2=" ">
    <subfield code="a">Treadwell G.</subfield>
    <subfield code="d">Codice autore musica SPICS: 18052</subfield>
    <subfield code="e">Autore musica</subfield>
    <subfield code="p">Tootsie Roll</subfield>
    <subfield code="9">21548</subfield>
  </datafield>
  <datafield tag="700" ind1=" " ind2=" ">
    <subfield code="a">Porter Cole</subfield>
    <subfield code="d">Codice autore musica SPICS: 13034</subfield>
    <subfield code="e">Autore musica</subfield>
    <subfield code="p">Night and Day</subfield>
    <subfield code="9">21549</subfield>
  </datafield>
  <datafield tag="700" ind1=" " ind2=" ">
    <subfield code="a">Anderson Jon</subfield>
    <subfield code="d">Codice autore musica SPICS: 10788</subfield>
    <subfield code="e">Autore musica</subfield>
    <subfield code="p">Flamingo</subfield>
    <subfield code="9">21550</subfield>
  </datafield>
  <datafield tag="700" ind1=" " ind2=" ">
    <subfield code="a">Grouya</subfield>
    <subfield code="d">Codice autore SPICS: 15674</subfield>
    <subfield code="e">Autore</subfield>
    <subfield code="p">Flamingo</subfield>
    <subfield code="9">21551</subfield>
  </datafield>
  <datafield tag="700" ind1=" " ind2=" ">
    <subfield code="a">Raye Don</subfield>
    <subfield code="d">Codice autore musica SPICS: 20467</subfield>
    <subfield code="e">Autore musica</subfield>
    <subfield code="p">I'll Remember April</subfield>
    <subfield code="9">21552</subfield>
  </datafield>
  <datafield tag="700" ind1=" " ind2=" ">
    <subfield code="a">De Paul G.</subfield>
    <subfield code="d">Codice autore SPICS: 20243</subfield>
    <subfield code="e">Autore</subfield>
    <subfield code="p">I'll Remember April</subfield>
    <subfield code="9">21553</subfield>
  </datafield>
  <datafield tag="942" ind1=" " ind2=" ">
    <subfield code="c">MC</subfield>
    <subfield code="2">ddc</subfield>
  </datafield>
  <datafield tag="952" ind1=" " ind2=" ">
    <subfield code="0">0</subfield>
    <subfield code="1">0</subfield>
    <subfield code="4">0</subfield>
    <subfield code="6">40457_000000000000000</subfield>
    <subfield code="7">1</subfield>
    <subfield code="a">SPICS</subfield>
    <subfield code="b">SPICS</subfield>
    <subfield code="d">2013-10-25</subfield>
    <subfield code="l">0</subfield>
    <subfield code="o">40457</subfield>
    <subfield code="r">2013-10-25 00:00:00</subfield>
    <subfield code="w">2013-10-25</subfield>
    <subfield code="y">MC</subfield>
    <subfield code="z">Progr. Ins.: 14254 / N.Vol.: 1 / Copie: 1 - Copia rara: n.d. / date import: 01.01.2014 - By Epidotti, Trombetti, Vaglietti</subfield>
  </datafield>
</record>
